قصيدة البردة لكعب بن زهير شرح ابى البركات ابن الانباري
| Main Author: | |
|---|---|
| Format: | Book |
| Published: |
Jeddah
Tihamah
1980
|
| Series: | الكتاب العربي السعودي
14 |
| Subjects: |
MARC
| LEADER | 00000cam a2200000 7i4500 | ||
|---|---|---|---|
| 001 | 0000000200 | ||
| 008 | 021118s1980 | ||
| 090 | 0 | 0 | |a PJ7700 |b . Z3 1980 |
| 100 | 0 | |a زيني, محمود حسن |e author | |
| 245 | 1 | 0 | |a قصيدة البردة لكعب بن زهير شرح ابى البركات ابن الانباري |c محمود حسن زيني |
| 260 | 2 | |a Jeddah |b Tihamah |c 1980 | |
| 300 | |a 148 p . |c 24 cm | ||
| 440 | 0 | 2 | |a الكتاب العربي السعودي |v 14 |
| 650 | 0 | |a Arabic poetry |y 622-750 |x History and criticism | |
| 999 | |a 1000053811 |b Book |c OPEN SHELF (30 DAYS) |e Gong Badak Campus | ||